00415nam a22001577a 450000500170000001000150001702000260003203500130005803700130007108200080008410000200009224500450011226000380015727000420019530000200023720140422153501.0 aENG-109317 a9789350450444c250.00 aEN-92850 bDBAD/PUB a881 a Mohanty, Bijay aMoored to the shadow /cby Bijay Mohanty aKolkata bWriters Workshop c2012 a162/92 Lake GardensbKolkata e700045 a131p.c22cm(Hb)